000 00778nam a22002417a 4500
003 OSt
005 20170328111613.0
008 170328s2017 spc 001 0acat|
017 _aDL B 28039-2015
_bBiblioteca de Catalunya
020 _a9788498093063
040 _aES-BaBC
_bcat
_cCDMR
100 1 _aMilián Mestre, Manuel
245 1 4 _aEls Ponts trencats
_c/ Manuel Milián Mestre
260 _aBarcelona :
_bEdicions 62,
_c2017
300 _a570 p. ;
_c19 cm
500 _adedicatòria de l'autor
504 _aIndex
600 1 7 _aMilián Mestre, Manuel
_xPunts de vista polítics i socials
_2lemac
650 0 7 _aNacionalisme
_zCatalunya
_2lemac
_93379
651 7 _aCatalunya
_xRelacions
_zEspanya
_2lemac
651 7 _aEspanya
_xPolítica i govern
_y1975
942 _cMON
_2udc
999 _c7010
_d7010